Chiffres de Pi - Statistiques

Statistiques générales
  • Ce quiz a été pris 133 704 fois
    133 701 depuis la dernière actualisation
  • Le résultat moyen est 7 sur 50
Statistiques - réponses
Chiffre % Correct
1 3,
100%
2 1
97%
3 4
95%
4 1
82%
5 5
70%
6 9
49%
7 2
38%
8 6
27%
9 5
20%
10 3
15%
11 5
12%
12 8
9%
13 9
8%
14 7
6%
15 9
6%
16 3
5%
17 2
4%
18 3
4%
19 8
4%
22 2
3%
20 4
3%
21 6
3%
23 6
3%
25 3
2%
26 3
2%
28 3
2%
24 4
2%
27 8
2%
33 0
1%
38 1
1%
41 1
1%
29 2
1%
34 2
1%
37 4
1%
32 5
1%
30 7
1%
40 7
1%
35 8
1%
36 8
1%
31 9
1%
39 9
1%
50 1
0%
44 3
0%
47 3
0%
49 5
0%
42 6
0%
48 7
0%
43 9
0%
45 9
0%
46 9
0%
Aucun quiz correspondant
Distribution des résultats
% des personnes avec chaque résultat
Percentile par nombre de réponses
Votre historique - résultats
Vous n’avez pas pris ce quiz depuis la dernière actualisation